000 01640cam a2200241 4500
001 8684
005 20181127190520.0
008 071220s2009 njua b 001 0 eng
010 _a 2007052276
020 _a9780136003915
082 0 0 _a005.74
_222
100 1 _aHoffer, Jeffrey A.
245 1 0 _aModern database management /
_cJeffrey A. Hoffer, Mary B. Prescott, Heikki Topi.
250 _a9th ed.
260 _aUpper Saddle River, NJ :
_bPearson/Prentice Hall,
_cc2009.
300 _axl, 690 p. :
_bill. ;
_c29 cm.
504 _aIncludes bibliographical references and index.
505 _aCONTENTS : Brief ContentsPart I The Context of Database Management1 The Database Environment 2 The Database Development Process Part II Database Analysis3 Modeling Data in the Organization 4 The Enhanced E-R Model and Business Rules Part III Database Design5 Logical Database Design and the Relational Model 6 Physical Database Design and Performance Part IV Implementation7 Introduction to SQL 8 Advanced SQL9 The Client/Server Database Environment 10 The Internet Database Environment 11 Data Warehousing Part V Advanced Database Topics12 Data Quality and Integration13 Data and Database Administration 14 Overview: Distributed Database15 Overview: Object-Oriented Data Modeling 16 Overview: Using Relational Databases to Provide Object Persistence AppendicesA E-R Modeling Tools and Notation B Advanced Normal Forms C Data Structures Glossary of Acronyms Glossary of Terms Index
_g
_r
_t
650 0 _aDatabase management.
700 1 _aPrescott, Mary B.
700 1 _aTopi, Heikki.
999 _c7525
_d7525